[Event "Martinique-ch 34th"]
[Site "Le Lamentin"]
[Date "2018.05.11"]
[Round "7"]
[White "Alcindor, Samuel"]
[Black "Bagghi, Youri"]
[Result "0-1"]
[WhiteElo "1664"]
[BlackElo "1763"]
[PlyCount "62"]
[EventDate "2018.05.05"]
[EventType "tourn"]
[EventRounds "11"]
[EventCountry "MFR"]
[SourceTitle "CBM 184 Extra"]
[Source "ChessBase"]
[SourceDate "2018.06.28"]
[SourceVersion "1"]
[SourceVersionDate "2018.06.28"]
[SourceQuality "1"]

1. e4 e6 2. Nf3 d5 3. e5 c5 4. b4 cxb4 5. a3 b3 6. cxb3 Bc5 7. b4 Bb6 8. d4 Ne7 9. Nbd2 0-0 10. Bd3 Bd7 11. Nb3 Be8 12. Qc2 h6 13. Be3 Nd7 14. Nh4 f6 15. f4 fxe5 16. fxe5 Nxe5 17. Bh7+ Kh8 18. Bxh6 gxh6 19. Nc5 Bxc5 20. bxc5 Qa5+ 21. Qd2 Qxd2+ 22. Kxd2 Nc4+ 23. Kc3 Kxh7 24. Rhe1 Bd7 25. Rab1 b6 26. Nf3 Rab8 27. Rf1 bxc5 28. Rxb8 Rxb8 29. Nh4 cxd4+ 30. Kxd4 e5+ 31. Kc3 Rb3+ 0-1

[Event "Martinique-ch 34th"]
[Site "Le Lamentin"]
[Date "2018.05.06"]
[Round "4"]
[White "Bagghi, Youri"]
[Black "Verneuil, Pascal"]
[Result "0-1"]
[WhiteElo "1763"]
[BlackElo "2154"]
[PlyCount "140"]
[EventDate "2018.05.05"]
[EventType "tourn"]
[EventRounds "11"]
[EventCountry "MFR"]
[SourceTitle "CBM 184 Extra"]
[Source "ChessBase"]
[SourceDate "2018.06.28"]
[SourceVersion "1"]
[SourceVersionDate "2018.06.28"]
[SourceQuality "1"]

1. e4 c5 2. Nf3 Nc6 3. d4 cxd4 4. Nxd4 e5 5. Nb5 d6 6. c4 Be7 7. N1c3 a6 8. Na3 Be6 9. b3 Bg5 10. Bxg5 Qxg5 11. g3 Nd4 12. Bg2 Bg4 13. Qd3 Ne7 14. Nc2 Nec6 15. Nd5 0-0 16. f3 Nxc2+ 17. Qxc2 Be6 18. 0-0 Bxd5 19. exd5 Nd4 20. Qd3 Qg6 21. Qd2 b5 22. f4 f6 23. c5 dxc5 24. Rac1 Rac8 25. d6 Qg4 26. Kh1 Qe6 27. Bb7 Rb8 28. Qg2 Qxd6 29. Qd5+ Qxd5+ 30. Bxd5+ Kh8 31. fxe5 fxe5 32. Rxf8+ Rxf8 33. Rxc5 g6 34. Kg2 Re8 35. Be4 a5 36. Kf2 Kg7 37. Ke3 Kf6 38. Bd3 Ke6 39. Bxb5 Kd6 40. Rd5+ Kxd5 41. Bxe8 Nf5+ 42. Ke2 Nd6 43. Bd7 Kd4 44. Kd2 Ne4+ 45. Ke1 Ke3 46. Be6 Nc5 47. Bc4 Kd4 48. Ke2 Ne4 49. Bg8 Nf6 50. Be6 Ne4 51. Bg8 h6 52. Bh7 Nc3+ 53. Kd2 g5 54. a3 Nb5 55. a4 Nc7 56. Bd3 Nd5 57. Bc4 Nb4 58. Bf1 e4 59. Bc4 Na2 60. Ba6 e3+ 61. Ke2 Nc1+ 62. Kd1 Nxb3 63. Kc2 Nd2 64. Be2 Ne4 65. Bf3 Nc5 66. Bc6 Nd3 67. Bd5 e2 68. Bc4 Kxc4 69. g4 e1Q 70. h4 Qc1# 0-1